Analyse non-archimedienne
Αποθηκεύτηκε σε:
| Κύριος συγγραφέας: | |
|---|---|
| Μορφή: | Βιβλίο |
| Γλώσσα: | French |
| Δημοσίευση: |
Berlin : Heidelberg : New York :
Springer,
1970
|
| Σειρά: | Ergebnisse der Mathematik und ihrer Grenzgebiete ;
; 56 |
| Θέματα: | |
| Ετικέτες: |
Προσθήκη ετικέτας
Δεν υπάρχουν, Καταχωρήστε ετικέτα πρώτοι!
|
MARC
| LEADER | 00000nam a2200000 i 4500 | ||
|---|---|---|---|
| 001 | 1/58269 | ||
| 008 | 941103s1970 fre d | ||
| 020 | |a 3540050892 |c DM38.00 ($10.50 U.S.) | ||
| 035 | |l 10045881 | ||
| 040 | |a GR-MY-UA |b gre |e aacr | ||
| 041 | 0 | |a fre | |
| 100 | 1 | |a Monna, A. F. | |
| 245 | 1 | 0 | |a Analyse non-archimedienne / |c [Par] A.F. Monna |
| 260 | |a Berlin : |a Heidelberg : |a New York : |b Springer, |c 1970 | ||
| 300 | |a vi, 118 p; |c 24 cm | ||
| 490 | 1 | |a Ergebnisse der Mathematik und ihrer Grenzgebiete |v ; Bd. 56 | |
| 504 | |a Bibliography: p. [110]-115 | ||
| 650 | 0 | 0 | |a Linear topological spaces. |
| 650 | 0 | 0 | |a Normed linear spaces. |
| 650 | 0 | 0 | |a Measure theory. |
| 650 | 0 | 0 | |a Banach spaces. |
| 650 | 0 | 0 | |a Valuation theory. |
| 830 | 0 | |a Ergebnisse der Mathematik und ihrer Grenzgebiete ; |v ; 56 | |
| 852 | |a INST |b SAMOS |e 19941103 |h 515.73 MON |p 005300004787 |q 005300004787 |t BK |y 0 | ||
| 909 | |a Σ |b 016942 | ||